Продольно-однородные осредненные турбулентные потоки: монография

Dades bibliogràfiques
Autor principal: Высоцкий Л. И. Лев Ильич
Altres autors: Высоцкий И. С. Илья Сергеевич
Sumari:В монографии изложена новая трактовка многих из известных положений гидравлики продольно-однородных осредненных турбулентных потоков. Основополагающим является утверждение о наличии вблизи гладкой стенки тонкого слоя, в котором коэффициент турбулентной вязкости — величина отрицательная. Из прикладных результатов главным является сквозная для всех зон сопротивлений формула распределения осредненных скоростей.Монография рассчитана на широкий круг читателей: инженеров, специализирующихся на расчетах трубопроводных систем, научных работников, студентов, магистрантов и аспирантов технических вузов и может служить своеобразным путеводителем по изучению различных аспектов продольно-однородных турбулентных течений.
Idioma:rus
Publicat: Санкт-Петербург, Лань, 2015
Edició:2-е изд., доп.
Col·lecció:Учебники для вузов. Специальная литература
Matèries:
Format: Llibre
KOHA link:https://koha.lib.tpu.ru/cgi-bin/koha/opac-detail.pl?biblionumber=293891

MARC

LEADER 00000nam0a2200000 4500
001 293891
005 20231102000634.0
010 |a 9785811418664 
035 |a (RuTPU)RU\TPU\book\318940 
090 |a 293891 
100 |a 20150507d2015 k y0rusy50 ca 
101 0 |a rus 
102 |a RU 
105 |a a z 001zy 
200 1 |a Продольно-однородные осредненные турбулентные потоки  |e монография  |f Л. И. Высоцкий, И. С. Высоцкий 
205 |a 2-е изд., доп. 
210 |a Санкт-Петербург  |c Лань  |d 2015 
215 |a 666 с.  |c ил. 
225 1 |a Учебники для вузов. Специальная литература 
320 |a Библиогр.: с. 573-583. 
330 |a В монографии изложена новая трактовка многих из известных положений гидравлики продольно-однородных осредненных турбулентных потоков. Основополагающим является утверждение о наличии вблизи гладкой стенки тонкого слоя, в котором коэффициент турбулентной вязкости — величина отрицательная. Из прикладных результатов главным является сквозная для всех зон сопротивлений формула распределения осредненных скоростей.Монография рассчитана на широкий круг читателей: инженеров, специализирующихся на расчетах трубопроводных систем, научных работников, студентов, магистрантов и аспирантов технических вузов и может служить своеобразным путеводителем по изучению различных аспектов продольно-однородных турбулентных течений. 
606 1 |a Турбулентное течение в трубах  |2 stltpush  |3 (RuTPU)RU\TPU\subj\62145  |9 79292 
610 1 |a физика 
610 1 |a турбулентные потоки 
610 1 |a гидравлика 
610 1 |a круглые трубы 
610 1 |a плоские каналы 
610 1 |a турбулентность 
610 1 |a осреднение 
610 1 |a осредненный турбулентный поток 
610 1 |a осредненные скорости 
610 1 |a гладкие трубы 
610 1 |a пристенные слои 
610 1 |a расчеты 
610 1 |a монографии 
675 |a 532.517.4  |v 4 
700 1 |a Высоцкий  |b Л. И.  |g Лев Ильич 
701 1 |a Высоцкий  |b И. С.  |g Илья Сергеевич 
801 1 |a RU  |b 63413507  |c 20150507 
801 2 |a RU  |b 63413507  |c 20150914  |g RCR 
900 |a Трубопроводный транспорт 
900 |a Гидравлика 
942 |c BK 
959 |a 59/20150424  |d 1  |e 2300,00  |f ЧЗТЛ:1 
959 |a 77/20150525  |d 1  |e 2300,00  |f ЧЗТЛ:1